|
|
|
|
| LEADER |
00000nab a2200000 a 4500 |
| 001 |
vtls009455578 |
| 003 |
SK-MaSNL |
| 005 |
20260304160105.0 |
| 008 |
250507c2008 xo zr|p|||||||000 b|slo |
| 015 |
|
|
|a SNBRB2008/12
|2 snkbucl
|
| 035 |
|
|
|a (uuid)8dcbf5d5-c7f7-4eb9-801a-3349d1f0c974
|
| 035 |
|
|
|a urn:nbn:sk:snk-ab1xcm
|
| 035 |
|
|
|a (urnnbn)urn:nbn:sk:snk:ar-a01676
|
| 038 |
|
|
|a SNKBUCL
|
| 040 |
|
|
|a SNKBUCL
|b slo
|c SNKBUCL
|e AACR2
|
| 041 |
0 |
|
|a slo
|
| 044 |
|
|
|a xo
|c SK
|
| 080 |
|
|
|a 78.079:78"15/17"
|x (436)
|2 2001
|
| 080 |
|
|
|a 78"15/17"
|2 2001
|
| 100 |
1 |
|
|a Rajterová, Alžbeta,
|d 1938-
|4 aut
|9 206893
|
| 245 |
1 |
0 |
|a Innsbruck
|b v znamení starej hudby
|c Alžbeta Rajterová
|
| 300 |
|
|
|b Fotogr.
|
| 500 |
|
|
|a Umelecký riaditeľ festivalu: René Jacobs
|
| 611 |
2 |
7 |
|a Festival starej hudby
|n (32. :
|d 2008 :
|c Innsbruck, Rakúsko)
|2 snkbucl
|9 1482515
|
| 650 |
0 |
7 |
|a stará hudba
|2 snkbucl
|9 1033812
|
| 650 |
0 |
7 |
|a hudobné festivaly
|2 snkbucl
|9 2958
|
| 773 |
0 |
|
|t Hudobný život
|g Roč. XL, č. 10 (2008), s. 25-27
|x 1335-4140
|
| 850 |
|
|
|a Slovenská národná knižnica
|
| 852 |
|
|
|a Slovenská národná knižnica
|
| 954 |
|
|
|a odborná, vedecká literatúra pôvodná (slovenská)
|2 lita
|
| 958 |
|
|
|a article27
|
| 958 |
|
|
|a OND
|
| 958 |
|
|
|a AT
|
| 958 |
|
|
|a EUIPO
|
| 999 |
|
|
|c 2965437
|d 2967367
|